000 00553nam a2200193Ia 4500
008 151119s9999||||xx |||||||||||||| ||und||
082 _a523
082 _bGKKV17469
100 _aफतेहअली लईक
245 _aअशी आपली पृथ्वी
260 _a--
260 _b--
260 _c0
600 _aफतेहअली लईक
630 _aअशी आपली पृथ्वी
700 _aफतेहअली लईक
730 _aअशी आपली पृथ्वी
942 _cBOOK
999 _c1070633
_d1070630